Cuadrángulo San Pedro de Atacama, provincia de Antofagasta

Guardado en:
Detalles Bibliográficos
Autor principal: Dingman, Robert J (Autor)
Formato: Libro
Lenguaje:español
Publicado: Santiago Instituto de Investigaciones Geológicas 1965
Colección:Carta Geológica de Chile, 14
Materias:
Etiquetas: Agregar Etiqueta
Sin Etiquetas, Sea el primero en etiquetar este registro!

MARC

LEADER 00000nam a2200000 a 4500
001 UCK1481
003 CL-VaPUC
008 041112e19650000CL |||||||||||||||||spa|d
082 0 4 |a 558.3  |b DIN  |2 21 
100 0 |a Dingman, Robert J  |e author  |9 489380 
245 1 0 |a Cuadrángulo San Pedro de Atacama, provincia de Antofagasta 
300 |a 29 p 
942 |c BK 
945 |d 20041112 00:00:00  |a cmena 
260 |a Santiago  |b Instituto de Investigaciones Geológicas  |c 1965 
500 |a Escala: 1:50.000 
500 |a Incluye 1 mapa 
650 7 |a MAPAS GEOLOGICOS  |2 CL-VaPUC  |9 362393 
650 0 |a Recursos naturales  |9 255232 
650 7 |a RECURSOS MINERALES  |2 CL-VaPUC  |9 351120 
651 7 |a ANTOFAGASTA  |2 CL-VaPUC  |9 319270 
583 |a last modification  |c 20041112 00:00:00  |k Rodrigo Vera 
490 0 |a Carta Geológica de Chile, 14 
999 |c 311450  |d 311448 
952 |0 0  |1 0  |4 0  |6 558_300000000000000_DIN_1965  |7 0  |8 F  |9 380833  |a BIBING  |b BIBING  |d 2019-11-21  |i 4041356  |o 558.3 DIN 1965  |p 4041356  |r 2025-01-20  |w 2019-11-21  |y BK_F  |k GEO